000 01361cam a22002898a 4500
999 _c187
_d187
003 OSt
005 20210609065514.0
008 210609b ||||| |||| 00| 0 eng d
020 _a0201396025 :
035 _a39515602
040 _cALUPE UNIVERSITY
050 9 9 _aHQ767.85
_b.M378 1999
082 0 _a155.4/072
_221
092 _a155.4072
_bM383, T136, 1999
100 1 _aMartin, Sue,
_d1951-
_0http://id.loc.gov/authorities/names/no2019130501
245 1 0 _aTake a look :
_bobservation and portfolio assessment in early childhood /
_cSue Martin.
250 _a2nd ed.
260 _aDon Mills, Ont. ;
_aReading, Massachusetts :
_bAddison-Wesley,
_c1999.
300 _axii, 372 p. :
_bill. ;
_c23 cm.
504 _aIncludes bibliographical references and index.
650 0 _aChild development
_xResearch.
_0http://id.loc.gov/authorities/subjects/sh85023360
650 0 _aChild psychology
_xResearch.
_0http://id.loc.gov/authorities/subjects/sh2009118982
650 0 _aChild development
_0http://id.loc.gov/authorities/subjects/sh85023357
_xEvaluation.
_0http://id.loc.gov/authorities/subjects/sh00005674
650 0 _aChild psychology
_0http://id.loc.gov/authorities/subjects/sh85023380
_xEvaluation.
_0http://id.loc.gov/authorities/subjects/sh00005674
650 0 _aObservation (Psychology)
_0http://id.loc.gov/authorities/subjects/sh85093747
942 _2lcc
_cBK
_nSO